Pictures - General Knowledge 1 - Statistics

General Stats
  • This quiz has been taken 186 times
  • The average score is 12 of 24
Answer Stats
Picture Hint Answer % Correct
Ship? Titanic
88%
Country? Netherlands
85%
Animal ? Raccoon
83%
What year? 1969
74%
What Instrument? Clarinet
74%
Artist? Vincent van Gogh
69%
Which Sport? Cricket
68%
This Island is? Ireland
65%
Who is this? Rafael Nadal
62%
What plant ? Dandelion
60%
Mountain ? Matterhorn
51%
Flag of ? Nigeria
49%
Pen Name? Mark Twain
44%
Constellation? Orion
42%
Bird ? Kingfisher
41%
City? Chicago
39%
What Fruit? Durian
36%
Fish? Marlin
34%
It Lays Eggs? Echidna
30%
Cathedral? St. Basil's
30%
Scot's Humour Billy Connolly
24%
City? Cologne
24%
This Island is ? North / New Zealand
20%
This sword is a ? Sabre
19%
No matching quizzes found
Score Distribution
Percent of People with Each Score
Percentile by Number Answered
Your Score History
You have not taken this quiz